Opere del signor abate Pietro Metastasio (Record no. 159533)
[ view plain ]
| 000 -LEADER | |
|---|---|
| campo de control de longitud fija | 00810nam a2200193 i 4500 |
| 001 - NÚMERO DE CONTROL | |
| campo de control | 159533 |
| 003 - IDENTIFICADOR DE NÚMERO DE CONTROL | |
| campo de control | ES-MaACL |
| 005 - FECHA Y HORA DE LA ÚLTIMA TRANSACCIÓN | |
| campo de control | 20250513063023.0 |
| 008 - DATOS DE LONGITUD FIJA--INFORMACIÓN GENERAL | |
| campo de control de longitud fija | 040914s1785 fr af |||| | ita d |
| 040 ## - FUENTE DE CATALOGACIÓN | |
| Centro catalogador/agencia de origen | CAM |
| Lengua de catalogación | spa |
| Centro/agencia transcriptor | CAM |
| 100 1# - ENTRADA PRINCIPAL--NOMBRE DE PERSONA | |
| Nombre de persona | Metastasio, Pietro, |
| Fechas asociadas al nombre | 1698-1782 |
| 9 (RLIN) | 80719 |
| 245 10 - MENCIÓN DEL TÍTULO | |
| Título | Opere del signor abate Pietro Metastasio |
| Resto del título | : con dissertazioni e oservationi. |
| Número de parte o sección de la obra | tomo primo. |
| 260 ## - PUBLICACIÓN, DISTRIBUCIÓN, ETC. | |
| Lugar de publicación, distribución, etc. | In Nizza : |
| Nombre del editor, distribuidor, etc. | presso la Società tipografica, |
| Fecha de publicación, distribución, etc. | 1785. |
| 300 ## - DESCRIPCIÓN FÍSICA | |
| Extensión | CCIX, 211 p., [5] p. en bl., [1]h. de lám. ; |
| Dimensiones | 12º. |
| 597 ## - NOTA DE DESCRIPCIÓN FÍSICA | |
| NOTA DE DESCRIPCIÓN FÍSICA | Sign.: a12, B-Z12, A-I12. |
| 599 ## - NOTA A LAS ILUSTRACIONES | |
| NOTA A LAS ILUSTRACIONES | La h. de lám. calc.: "Joh Stainer S.E.A.M. pictor pin., Jac. Merconis inc.", retrato del autor. |
| 852 ## - LOCALIZACIÓN | |
| Ubicación | ES-MaACL |
| Número de control de estantería | R-2192-206 |
| Nota libre | -- Enc. pasta española con hierros dorados Olim:.F-2908-22. |
| Estatus retirado | Estado de pérdida | Estado de daño | No para préstamo | Colección | Biblioteca de origen | Biblioteca actual | Ubicación en estantería | Fecha de adquisición | Total de préstamos | Signatura topográfica completa | Código de barras | Visto por última vez | Precio de reemplazo | Tipo de ítem Koha |
|---|---|---|---|---|---|---|---|---|---|---|---|---|---|---|
| Libros del s. XVIII | Biblioteca del Ateneo de Madrid | Biblioteca del Ateneo de Madrid | Depósito | 17/01/2008 | R-2192-206 | 1167011 | 23/02/2023 | 23/02/2023 | Libro impreso antiguo |
